000 00566nam a2200181 i 4500
001 77113
003 ES-MaACL
005 20230906173104.0
007 t|
008 041006s1919 sp ||||1| spa d
100 1 _aGutiérrez Barreal, José María.
_961095
245 1 3 _aLa sífilis y el salvarsán en 1.206 inyecciones practicadas /
_cpor José María Gutiérrez Barreal.
260 _aGijón :
_b[s.n.],
_c1919 (
_fImp. de "La Fe")
300 _a9 p. ;
_c21 cm.
650 0 4 _aSífilis.
_917092
650 4 _aArsfenamina.
_9159225
852 _aES-MaACL
_j1517-F-15
999 _c77113
_d77113